000 00638nam a2200229 i 4500
001 bg
245 0 0 _aEfektywność a sprawiedliwość :
_bpraca zbiorowa /
_cpod red. Jerzego Wilkina.
260 _aWarszawa :
_b"Key-Text",
_c1997.
300 _a204, [1] s. ;
_c20 cm.
600 1 9 _aLewandowski Jędrzej
650 9 _aEfektywność ekonomiczna
650 9 _aSprawiedliwość
655 _aMateriały konferencyjne
700 1 _aWILKIN, Jerzy.
_eRed.
020 _a8390166593
040 _cBPK
041 0 _apl
080 _a330.1(061.3)
920 _a83-901665-9-3
942 _cKS
008 s pl f |000 0 pol
999 _c32312
_d32312
856 _uhttp://koha.tu.koszalin.pl/cgi-bin/koha/opac-detail.pl?biblionumber=32312
_yKatalog online BPK